[Event "Guimaraes Open 2018"]
[Site "Guimaraes"]
[Date "2018.10.05"]
[Round "2"]
[White "Barbosa, Paulo Jorge Pereira"]
[Black "Spraggett, Kevin Barry"]
[Result "0-1"]
[WhiteElo "1982"]
[BlackElo "2513"]
[Annotator "TA"]
[PlyCount "64"]
[EventDate "2018.10.04"]
[EventType "swiss"]
[EventCountry "POR"]
[SourceTitle "playchess.com"]
[Source "ChessBase"]
[SourceQuality "1"]

{[%evp 18,64,16,9,29,20,25,0,0,7,35,0,11,22,16,0,0,-6,30,14,14,-1,0,-58,-65,-189,-189,-176,-166,-200,-193,-180,-89,-90,-102,-89,-123,-193,-195,-194,-201,-239,-244,-245,-241,-382,-352,-558,-573]} 1. c4 g6 2. g3 Bg7 3. Bg2 Nf6 4. Nc3 O-O 5. Nf3 d5 6. cxd5 Nxd5 7. Nxd5 Qxd5 8. O-O Nc6 9. d3 Qb5 10. a4 {LiveBook: 5 Partien. A16: Englische Eröffnung} (10. Rb1 a5 11. b3 a4 12. Bb2 e5 13. bxa4 Qxa4 14. Qxa4 Rxa4 15. a3 Nd4 16. e3 Nxf3+ 17. Bxf3 Rd8 18. Rfc1 c6 19. Bd1 {0-1 (47) Ivanov,O (2482)-Kokarev,D (2651) Moscow 2017}) 10... Qb4 11. Rb1 $146 ({Vorgänger:} 11. Ne1 Be6 12. Nc2 Qb3 13. Be3 Rab8 14. Bxc6 bxc6 15. Bxa7 Ra8 16. Bd4 Rxa4 17. Rxa4 Qxa4 18. Bxg7 Kxg7 {1-0 (49) Javakhadze,Z (2376)-Juhasz,K (2232) Kemer 2009}) 11... a5 12. Bd2 {Weiß hat minimalen Vorteil.} Qd6 13. Bc3 Rd8 14. h4 Bg4 15. Ng5 Nd4 16. Re1 h6 17. Ne4 Qc6 18. b4 axb4 19. Bxb4 Qe8 20. Nc5 (20. Nc3 $11) 20... b6 $36 {[%mdl 2048] Schwarz drückt.} 21. Bxa8 ({Lieber} 21. Ne4 $15) 21... bxc5 $19 ({Schlechter ist} 21... Rxa8 22. Nb3 $11) 22. Bg2 cxb4 23. Rxb4 c5 24. Rc4 Rc8 (24... Qd7 $19 {ist viel giftiger. Und ...Dc7 würde nun gewinnen.} 25. Rxc5 Rb8) 25. a5 $17 Be6 {Weiss muss nun ...Db5 beachten.} 26. a6 {[#]} Qb5 $1 27. Qa4 (27. Bb7 $17 Rd8 28. e3) 27... Bxc4 $19 28. Qxc4 Qa5 29. Rb1 Nxe2+ 30. Kh2 Bd4 31. Bd5 (31. Bf3 {war nötig.}) 31... Rf8 32. Kg2 (32. Bf3 $142 Nc3 33. Rb7) 32... Nc3 {Precision: Weiß = 46%, Schwarz = 64%.} 0-1

[Event "Guimaraes Open 2018"]
[Site "Guimaraes"]
[Date "2018.10.05"]
[Round "2"]
[White "Bazan Solera, Manuel"]
[Black "Larino Nieto, David"]
[Result "0-1"]
[WhiteElo "1932"]
[BlackElo "2433"]
[Annotator "TA"]
[PlyCount "78"]
[EventDate "2018.10.04"]
[EventType "swiss"]
[EventCountry "POR"]
[SourceTitle "playchess.com"]
[Source "ChessBase"]
[SourceQuality "1"]

{[%evp 9,78,7,4,-2,-8,-16,0,-12,32,18,32,17,31,37,33,33,60,0,108,104,102,43,85,44,60,50,94,0,0,0,0,2,4,-24,-40,-183,-160,-214,-192,-276,-293,-299,-293,-273,-222,-222,-224,-221,-218,-220,-224,-216,-162,-155,-120,-120,-131,-145,-121,-124,-131,-525,-498,-611,-619,-1852,-1783,-1665,-1581,-3318,-1253]} 1. g3 e5 2. Bg2 h5 (2... d5 3. c4 Nf6 4. cxd5 Nxd5 5. Nc3 Nb6 6. d3 Be7 7. Be3 O-O 8. Rc1 Re8 9. Nf3 Nc6 10. O-O Bf8 11. a3 Nd4 12. Ne4 c6 13. Bg5 f6 14. Nxd4 exd4 15. Bd2 Be6 16. Re1 Bd5 17. Qc2 Qd7 18. b4 Rad8 19. Qb2 {0-1 (73) Nepomniachtchi,I (2767)-Karjakin,S (2785) Doha 2016}) 3. d3 h4 4. gxh4 $146 ({Predecessor:} 4. Nc3 c6 5. e4 Qb6 6. Rb1 Nf6 7. Be3 Bc5 8. Bxc5 Qxc5 9. Qd2 a5 10. Qg5 hxg3 11. hxg3 Rxh1 12. Bxh1 {0-1 (57) Kowohl,A-Alber,H (2355) Gladenbach 1992}) 4... Rxh4 5. Nf3 Rh5 $1 6. c4 {A00: Irregular Openings} Nc6 7. Nc3 d6 8. Be3 {The position is equal.} f5 9. Qc2 g5 10. h3 f4 11. Bd2 Nf6 12. O-O-O $36 {[%mdl 2048] White has some pressure.} Be6 13. h4 (13. d4 $14 Nxd4 14. Nxd4 exd4 15. Nb5) 13... g4 (13... gxh4 $11 14. Nxh4 Qd7) 14. Ng5 $16 Bf5 15. Qa4 (15. Bxc6+ $16 bxc6 16. e3) 15... Bd7 16. Rdg1 Nd4 17. Qd1 Nf5 18. Nd5 (18. Bxb7 $16 Rb8 19. Bd5 Nxd5 20. cxd5) 18... c6 $11 19. Nxf6+ Qxf6 20. Be4 $1 O-O-O 21. Qa4 Kb8 22. Bxf5 (22. Rxg4 $15 Nd4 23. Rg2) 22... Qxf5 23. Qc2 (23. e3 $17) 23... Be7 $19 24. Ne4 (24. Qb3 $142) 24... d5 25. Nc3 dxc4 26. dxc4 Qxc2+ 27. Kxc2 Bf5+ 28. Kc1 Rxh4 29. Rxh4 Bxh4 30. Nd1 Bf6 31. e3 f3 {[#]} 32. e4 $1 {[%mdl 512]} Be6 (32... Bxe4 33. Rxg4) 33. b3 Rd4 34. Nc3 Bh4 35. Be3 $2 {[%mdl 8192]} (35. Rf1 $17) 35... Rd3 {aiming for ...Rxe3!Black is clearly winning.} 36. Nd1 {[#]} Rxe3 $1 {[%mdl 512]} 37. fxe3 (37. Nxe3 Bxf2) 37... g3 {[%cal Bg4g3,Bg3g2][%mdl 32]} 38. Rh1 g2 39. Rg1 Bh3 {Precision: White = 39%, Black = 63%.} 0-1

[Event "Guimaraes Open 2018"]
[Site "Guimaraes"]
[Date "2018.10.05"]
[Round "2"]
[White "Pipiras, Filipa Fortuna"]
[Black "Campora Sivori, Daniel Hugo"]
[Result "0-1"]
[WhiteElo "1803"]
[BlackElo "2413"]
[Annotator "TA"]
[PlyCount "112"]
[EventDate "2018.10.04"]
[EventType "swiss"]
[EventCountry "POR"]
[SourceTitle "playchess.com"]
[Source "ChessBase"]
[SourceQuality "1"]

{[%evp 28,112,28,47,83,76,82,87,117,81,67,5,40,33,42,39,62,10,12,-54,16,16,47,0,0,-78,-88,-82,-53,-104,-97,-77,-89,-111,-102,-107,-86,-114,-107,-322,-322,-322,-322,-312,-307,-1271,-1225,-1231,-1085,-1080,-1038,-1280,-1050,-948,-862,-935,-850,-1492,-1370,-6319,-5306,-29974,-29975,-29975,-29976,-29979,-29980,-29982,-29983,-29983,-29984,-29985,-29986,-29984,-29985,-29986,-29987,-29987,-29988,-29990,-29991,-29991,-29992,-29992,-29993,-29993,-29994]} 1. d4 Nf6 2. c4 e6 3. Nf3 d5 4. Nc3 Be7 5. cxd5 exd5 6. Bg5 O-O 7. e3 Re8 8. Bd3 Nbd7 9. Qc2 Nf8 10. O-O c6 11. Rab1 a5 12. a3 Ne4 13. Bxe7 Qxe7 14. b4 axb4 15. axb4 Ra3 {D36: Queen's Gambit Declined: Exchange Variation: Main line (5 Bg5 c6 6 Qc2)} (15... Ng6 16. b5 Bg4 17. Bxe4 dxe4 18. Nd2 f5 19. bxc6 bxc6 20. Qb3+ Kh8 21. Qb7 Qg5 {½-½ (21) Kiss,P (2389)-Polak,T (2553) Hungary 2008}) 16. Bxe4 dxe4 17. Nd2 Bf5 {White is better.} 18. Qb2 $146 ({Predecessor:} 18. Nc4 Ra6 19. b5 cxb5 20. Rxb5 Rc8 21. Qb3 Rac6 22. Rxb7 Qg5 23. Rb4 {0-1 (32) Pedoni,L (1947)-Bevilacqua,M (2052) Crema 2016}) 18... Raa8 19. Nb3 (19. Ra1 $14) 19... Qg5 20. Ne2 Ng6 {[%cal Bf8g6,Bg6h4,Bh4g2][%mdl 32]} 21. Ng3 Nh4 22. Qc2 ({White should play} 22. Rfc1 $14) 22... h5 $11 23. Ra1 {[#]} (23. Kh1 $11) 23... Rad8 (23... Nxg2 $1 $15 {[%mdl 512]} 24. Kxg2 h4) 24. Ra5 Rd5 25. Rxd5 cxd5 26. Qc7 {[#]} (26. Qe2 $11 {remains equal.}) 26... Nxg2 $1 $17 {[%mdl 512]} 27. Kxg2 {Black must now prevent Qf4.} h4 28. Qf4 (28. Qxb7 hxg3 29. Qc7 (29. hxg3 $2 Qh5 $19) 29... Qh5 $19) ({Better is} 28. Nc5 $15) 28... Qxf4 29. exf4 hxg3 30. hxg3 {[%mdl 4096] Endgame KRB-KRN} Bg4 $1 31. Ra1 Rc8 32. Rc1 Ra8 $1 33. Ra1 $2 (33. Rb1 $17) 33... Rxa1 $19 34. Nxa1 {[#] KB-KN} Bd1 $1 35. Kf1 {[#]} Kh7 $1 {[%cal Rh7h6]} 36. Ke1 $2 (36. g4) 36... Ba4 37. Kd2 Kg6 38. Ke3 Kf5 39. Kd2 Kg4 40. Ke3 Kh3 41. Kd2 Kg2 42. Ke2 f5 43. Ke3 Kf1 44. f3 Kg2 {Black mates.} 45. fxe4 fxe4 46. g4 Kg3 47. g5 Kg4 48. b5 b6 49. g6 Kf5 50. Kd2 Kxg6 51. Ke3 Kf5 52. Kd2 Kxf4 53. Ke1 Ke3 54. Kf1 Kd2 55. Kf2 e3+ {[%cal Be4e3,Be3e2][%mdl 32]} 56. Kf3 e2 {Precision: White = 25%, Black = 82%.} 0-1

[Event "Guimaraes Open 2018"]
[Site "Guimaraes"]
[Date "2018.10.05"]
[Round "2"]
[White "Gawle, Ireneusz"]
[Black "Medarde Santiago, Luis Marcos"]
[Result "0-1"]
[WhiteElo "1800"]
[BlackElo "2341"]
[Annotator "RC"]
[PlyCount "86"]
[EventDate "2018.10.04"]
[EventType "swiss"]
[EventCountry "POR"]
[SourceTitle "playchess.com"]
[Source "ChessBase"]
[SourceQuality "1"]
[TimeControl "5400+30"]

1. e4 {[%emt 0:00:00]} c5 {[%emt 0:02:35]} 2. c3 {[%emt 0:00:28]} Nf6 {[%emt 0:00:57]} 3. e5 {[%emt 0:00:06]} Nd5 {[%emt 0:00:06]} 4. d4 {[%emt 0:00:02]} cxd4 {[%emt 0:00:20]} 5. Nf3 {[%emt 0:00:19]} e6 {[%emt 0:00:05]} 6. cxd4 {[%emt 0:00:41]} b6 {[%emt 0:00:07]} 7. Bd3 {[%emt 0:02:38]} Ba6 {[%emt 0:04:46]} 8. O-O {[%emt 0:03:43]} Bxd3 {[%emt 0:00:58]} 9. Qxd3 {[%emt 0:00:03]} Be7 {[%emt 0:00:03]} 10. Nc3 {[%emt 0:01:12]} Nxc3 {[%emt 0:00:17]} 11. bxc3 {[%emt 0:00:03]} d5 {[%emt 0:01:08]} 12. exd6 {[%emt 0:05:31]} Qxd6 {[%emt 0:01:43]} 13. Ne5 {[%emt 0:02:20]} O-O {[%emt 0:07:57]} 14. Bf4 {[%emt 0:05:16]} Qd5 {[%emt 0:08:56]} 15. c4 {[%emt 0:14:05]} Qb7 {[%emt 0:03:47]} 16. Rfe1 {[%emt 0:09:27]} Nd7 {[%emt 0:02:31]} 17. Rad1 {[%emt 0:05:36]} Rfd8 {[%emt 0:07:10]} 18. Qh3 {[%emt 0:05:53]} Nf8 {[%emt 0:13:25]} 19. d5 {[%emt 0:22:48]} exd5 {[%emt 0:08:32]} 20. Qf3 {[%emt 0:05:26]} Bb4 {[%emt 0:04:20]} 21. Bd2 {[%emt 0:00:27]} Bxd2 {[%emt 0:05:41]} 22. Rxd2 {[%emt 0:00:02]} Re8 {[%emt 0:00:34]} 23. cxd5 {[%emt 0:04:05]} Rac8 {[%emt 0:08:06]} 24. Nd3 {[%emt 0:01:22]} Ng6 {[%emt 0:03:14]} 25. Rxe8+ {[%emt 0:01:51]} Rxe8 {[%emt 0:00:01]} 26. h3 {[%emt 0:02:37]} Qc7 {[%emt 0:01:24]} 27. g3 {[%emt 0:04:00]} Qd6 {[%emt 0:04:16]} 28. Kg2 {[%emt 0:00:09]} Rd8 {[%emt 0:02:42]} 29. Nf4 {[%emt 0:02:29]} Nxf4+ {[%emt 0:00:01]} 30. Qxf4 {[%emt 0:00:01]} Qxf4 {[%emt 0:00:01]} 31. gxf4 {[%emt 0:00:02]} Kf8 {[%emt 0:00:16]} 32. Kf3 {[%emt 0:00:27]} Ke7 {[%emt 0:00:39]} 33. Ke4 {[%emt 0:00:54]} Rc8 {[%emt 0:00:21]} 34. Kd4 {[%emt 0:01:21]} Kd6 {[%emt 0:00:40]} 35. a4 {[%emt 0:00:17]} Rc5 {[%emt 0:00:22]} 36. Ke4 {[%emt 0:01:45]} Rc4+ {[%emt 0:00:58]} 37. Rd4 {[%emt 0:00:02]} Rxd4+ {[%emt 0:01:41]} 38. Kxd4 {[%emt 0:00:01]} f5 {[%emt 0:00:21]} 39. h4 {[%emt 0:00:32]} g6 {[%emt 0:00:12]} 40. Kc4 {[%emt 0:00:55]} a6 {[%emt 0:00:18]} 41. f3 {[%emt 0:00:35]} h6 {[%emt 0:00:17]} 42. Kd4 {[%emt 0:00:41]} b5 {[%emt 0:00:07]} 43. axb5 {[%emt 0:00:35]} axb5 {[%emt 0:00:04]} 0-1

[Event "Guimaraes Open 2018"]
[Site "Guimaraes"]
[Date "2018.10.05"]
[Round "2"]
[White "Cordeiro, Joao Carlos Santos "]
[Black "Herrera Reyes, Jose Antonio"]
[Result "0-1"]
[WhiteElo "1764"]
[BlackElo "2343"]
[Annotator "TA"]
[PlyCount "84"]
[EventDate "2018.10.04"]
[EventType "swiss"]
[EventCountry "POR"]
[SourceTitle "playchess.com"]
[Source "ChessBase"]
[SourceQuality "1"]

{[%evp 9,84,39,39,54,49,38,48,25,56,27,32,27,108,0,0,-42,-22,-26,0,0,0,0,0,-49,-37,-53,-49,-57,0,0,0,-133,-75,-145,-134,-127,-51,-49,-45,-159,-77,-76,-75,-100,-91,-79,-98,-81,-80,-147,-136,-205,-221,-366,-100,-164,-158,-357,-370,-362,-356,-380,-308,-410,-415,-511,-518,-479,-434,-423,-406,-2435,-2349,-1516,-1139,-919,-615]} 1. e4 c5 2. Nc3 e6 3. g3 b6 4. Bg2 Bb7 5. Nge2 a6 6. d4 {B23: Closed Sicilian: Lines without g3} cxd4 7. Nxd4 Qc7 (7... Nf6 8. O-O Qc7 9. Re1 d6 10. Nd5 Nxd5 11. exd5 e5 12. f4 Nd7 13. fxe5 Nxe5 {0-1 (59) Safarli,E (2639)-Ponkratov,P (2613) Riadh 2017}) 8. O-O {White is slightly better.} Be7 9. Be3 d6 10. f4 Nf6 $146 {[#]} (10... h5 $11) ({Predecessor:} 10... Nd7 11. f5 e5 12. Nb3 Ngf6 13. Qe2 O-O 14. Rad1 {1-0 (76) Tran,M (1791)-Herbold,N (1673) Dresden 2008}) 11. h3 (11. e5 $1 $16 {[%cal Re5f6]} dxe5 12. fxe5) 11... Nbd7 $11 12. Nde2 Rc8 13. g4 Nc5 {[%cal Rf6e4]} 14. Ng3 b5 $1 {[%cal Rb5b4]} 15. a3 Nfd7 16. Bd4 O-O $1 17. Qe2 Rfe8 18. Rad1 Bf8 ({Black should play} 18... Nb6 $15) 19. Qf2 $1 Nb6 20. Bxc5 (20. b3 $1 $11 {remains equal.}) 20... dxc5 (20... Qxc5 $142 21. Qxc5 Rxc5) 21. Nb1 (21. e5 $142) 21... Nc4 22. c3 b4 (22... f6 $17 23. Nh5 Red8) 23. Qe2 $1 $15 {[%cal Re2c4]} Na5 24. c4 (24. e5 $15) 24... Nc6 ({Better is} 24... Red8 {Strongly threatening ...Rxd1.} 25. Rxd8 Rxd8) 25. e5 $17 Nd4 26. Qe3 bxa3 27. bxa3 Bxg2 28. Kxg2 Rb8 29. Nc3 ({White should try} 29. Rd3) 29... Rb3 30. Rb1 (30. a4 $17) 30... Rxa3 $19 31. Qc1 (31. Nge4 $142) 31... Qa5 $2 {[#]} (31... Qc6+ $19 {is more deadly.} 32. Kg1 Nf3+ 33. Kf2 Nh2) 32. Nce4 (32. Nge4 $17) 32... Qa4 33. Ra1 $2 (33. Rf2 $17 {keeps fighting.}) 33... Rxa1 34. Qxa1 Qxc4 35. Rc1 Qb5 36. Qc3 Rd8 37. Nd6 Bxd6 38. exd6 Qc6+ 39. Kf2 {With the idea Qxd4!} Qxd6 40. Qxc5 (40. Qe3 $142) 40... Qxf4+ {Black is clearly winning.} 41. Kg2 Qf3+ 42. Kh2 h6 {Precision: White = 24%, Black = 50%.} 0-1

[Event "Guimaraes Open 2018"]
[Site "Guimaraes"]
[Date "2018.10.05"]
[Round "2"]
[White "Silva, Tiago Alexandre Pin"]
[Black "Chueca Forcen, Alberto"]
[Result "0-1"]
[WhiteElo "1753"]
[BlackElo "2278"]
[Annotator "TA"]
[PlyCount "84"]
[EventDate "2018.10.04"]
[EventType "swiss"]
[EventCountry "POR"]
[SourceTitle "playchess.com"]
[Source "ChessBase"]
[SourceQuality "1"]

{[%evp 11,84,29,27,20,10,12,13,-118,-48,-47,-26,-106,-102,-114,-72,-114,-115,-115,-115,-111,-114,-132,-87,-94,-94,-94,-79,-114,-105,-121,-121,-121,-121,-121,-129,-130,-121,-140,-129,-150,-143,-131,-131,-135,-124,-175,-157,-166,-154,-200,-167,-239,-237,-224,-203,-267,-213,-700,-685,-675,-648,-789,-777,-720,-706,-29951,-11927,-29972,-29976,-29973,-29973,-29976,-29975,-29979,-29976]} 1. e4 e5 2. Nf3 Nc6 3. Bb5 Nf6 {[%cal Bg8f6,Bf6e4,Be4c5,Bc5d3][%mdl 32]} 4. d3 Ne7 5. O-O (5. Nc3 c6 6. Bc4 d6 7. O-O h6 8. d4 Qc7 9. Nh4 g6 10. f4 exd4 11. Qxd4 Bg7 12. e5 dxe5 13. Bxf7+ Kxf7 14. fxe5 {½-½ (35) Saric,I (2689)-Fedorchuk,S (2626) Rio Achaea 2018}) 5... c6 6. Ba4 {C65: Ruy Lopez: Berlin Defence (3...Nf6), unusual lines and 4 0-0 Bc5} Ng6 {LiveBook: 8 Games} 7. d4 Nxe4 8. Re1 $146 {The position is equal.} ({Predecessor:} 8. dxe5 Nc5 9. Bb3 Be7 10. Nbd2 d5 11. exd6 Qxd6 12. Nc4 Qxd1 13. Rxd1 {½-½ (33) Huschenbeth,N (2417)-Roussel Roozmon,T (2486) Dresden 2008}) 8... d5 9. dxe5 {[#]} (9. c4 $1 $11 {keeps the balance.} Be6 10. cxd5 Bxd5 11. Bc2) 9... Bc5 (9... Bg4 $1 $17 {...Bc5 is the strong threat.} 10. Nbd2 Ng5) 10. Be3 $15 O-O 11. Bxc5 (11. Nbd2 $1 $11) 11... Nxc5 $17 12. c3 Qb6 13. Bb3 Bg4 ({Don't play} 13... Ne4 14. Qd4 $15) 14. Nbd2 Nd3 15. Re3 {[#]} Ndxe5 $1 {[%mdl 512]} 16. h3 (16. Rxe5 Nxe5) 16... Nxf3+ 17. Nxf3 Bxf3 18. Qxf3 a5 19. Rb1 Rfe8 $36 {[%mdl 2048] White is under strong pressure.} 20. Rbe1 Rxe3 21. Qxe3 Qxe3 22. Rxe3 {[%mdl 4096] Endgame KRB-KRN} Kf8 23. Kf1 Re8 24. Rxe8+ Kxe8 {KB-KN} 25. g3 Ke7 26. Ke2 Kd6 27. Ke3 c5 28. f4 (28. Ba4 $17) 28... Ne7 29. Bc2 h6 30. a3 Nc6 31. Kd3 (31. a4 {was necessary.}) 31... b5 32. Bd1 c4+ 33. Ke3 Kc5 34. b4+ $2 (34. g4) 34... cxb3 $19 35. Bxb3 a4 36. Ba2 Na5 37. Kd3 Nc4 38. Bxc4 bxc4+ 39. Ke3 f5 {Black mates.} 40. g4 g6 41. g5 h5 42. h4 d4+ {Precision: White = 31%, Black = 74%.} 0-1

[Event "Guimaraes Open 2018"]
[Site "Guimaraes"]
[Date "2018.10.05"]
[Round "2"]
[White "Andrade, Ricardo Sarmento"]
[Black "Frois, Antonio"]
[Result "0-1"]
[WhiteElo "1744"]
[BlackElo "2267"]
[Annotator "TA"]
[PlyCount "66"]
[EventDate "2018.10.04"]
[EventType "swiss"]
[EventCountry "POR"]
[SourceTitle "playchess.com"]
[Source "ChessBase"]
[SourceQuality "1"]

{[%evp 29,66,45,48,31,49,-37,27,-19,-23,-49,-39,-72,-82,-89,-75,-86,-76,-82,-86,-80,-68,-57,-64,-94,-96,-166,-157,-153,-156,-145,-133,-131,-89,-276,-303,-305,-304,-297,-296]} 1. e4 c5 2. Nf3 e6 3. d4 cxd4 4. Nxd4 Nf6 5. Bd3 d6 6. O-O Be7 7. c4 O-O 8. Nc3 a6 9. Be3 b6 10. Rc1 Bb7 11. Qe2 Nbd7 12. f3 Qc7 {B42: Sicilian: Kan Variation: 5 Bd3} 13. Rfd1 Rac8 14. Qf2 Rfe8 15. b3 (15. Bf1 Qb8 16. Qg3 Bd8 17. Bg5 Kh8 18. b3 Rc5 19. Be3 Bc7 20. Nde2 d5 21. Bf4 dxe4 22. fxe4 Ne5 23. Qe3 Nh5 {0-1 (43) Forcen Esteban,D (2535)-Mareco,S (2650) Linares 2017}) 15... Qb8 {LiveBook: 11 Games} 16. Nde2 Ba8 $146 ({Predecessor:} 16... Bd8 17. Bb1 Bc7 18. h3 {1-0 (35) Peptan,C (2414)-Padurariu,I (2160) Sarata Monteoru 2011}) 17. Bb1 (17. Kh1 $14) 17... Bf8 ({Black should play} 17... b5 $1 $15) 18. Na4 {[%cal Ra4b6]} b5 19. cxb5 axb5 {[#] Hoping for ...Rxc1.} 20. Nb2 d5 {[%cal Rd5e4]} 21. exd5 Nxd5 22. Ba7 Qb7 23. Nd3 N7b6 24. Bxb6 Qxb6 25. Qxb6 Nxb6 26. Nd4 b4 27. Ne5 (27. Nf2 $17 {was called for.}) 27... Bc5 $19 28. Kf1 Nd5 {Threatens to win with ...Ne3+.} 29. Nc4 Nc3 30. Rd3 e5 31. Ne2 $2 {[#]} (31. Nf5 $17) 31... Nxe2 {Black has a decisive advantage.} 32. Kxe2 e4 33. fxe4 Bxe4 {Precision: White = 25%, Black = 58%.} 0-1

[Event "Guimaraes Open 2018"]
[Site "Guimaraes"]
[Date "2018.10.05"]
[Round "2"]
[White "Silva, Daniel Frederico Va"]
[Black "Paasikangas-Tella, Johanna"]
[Result "0-1"]
[WhiteElo "1709"]
[BlackElo "2220"]
[Annotator "TA"]
[PlyCount "54"]
[EventDate "2018.10.04"]
[EventType "swiss"]
[EventCountry "POR"]
[SourceTitle "playchess.com"]
[Source "ChessBase"]
[SourceQuality "1"]

{[%evp 11,54,28,80,66,148,52,56,13,52,22,15,-14,-11,-2,-2,0,4,0,0,-10,0,-47,-45,-52,-52,-45,-45,-53,-43,-188,-181,-219,-190,-185,-104,-123,-117,-197,-130,-132,0,0,0,-831,-808]} 1. e4 d5 2. exd5 Qxd5 3. Nc3 Qa5 4. d4 c6 5. Bc4 Nf6 6. Nge2 Bg4 (6... e6 $11 {remains equal.}) 7. f3 $16 {B01: Scandinavian Defence} Bh5 ({Better is} 7... Bf5 $14) (7... Bd7 8. Bd2 Qd8 9. Bg5 h6 10. Bh4 Bf5 11. O-O g5 12. Bf2 e6 13. Ng3 Bg6 14. Bd3 Bxd3 15. Qxd3 {1-0 (27) Sevian,S (2531)-Kritz,L (2583) Richardson 2015}) 8. O-O (8. g4 $16) 8... e6 9. Re1 {White is slightly better.} Nbd7 10. Bd2 Qb6 $146 ({Predecessor:} 10... Be7 11. Nf4 Bg6 12. Qe2 O-O 13. Nxe6 Rfe8 14. Nd5 {0-1 (46) Kupilik,J (1944)-Pavlik,P (1517) Tabor 2007}) 11. Kh1 Bg6 12. Bb3 $1 Bd6 13. Bf4 Bxf4 14. Nxf4 O-O-O 15. Na4 Qc7 16. Nh3 h6 {[%cal Bh7h6,Bh6h5,Bh5h4][%mdl 32]} 17. Qe2 Bf5 18. Nf2 g5 {[%cal Bg7g5,Bg5g4][%mdl 32]} 19. c4 h5 20. g3 {[#]} (20. Nc3 $15) 20... g4 $1 $19 21. f4 h4 22. Kg2 Rh6 ({Much less strong is} 22... hxg3 23. hxg3 Kb8 24. Rad1 $15) (22... Nh5 $19 {Threatens to win with ...c5.} 23. Qe3 Nhf6) 23. Nc3 Rdh8 ({Resist} 23... hxg3 24. hxg3 Rhh8 25. Rh1 $11) 24. Rh1 (24. Qe3 $17) 24... Nh5 (24... Kb8 $19 25. Rad1 Qd6) 25. Rac1 Nxf4+ ({Don't do} 25... hxg3 26. hxg3 Nxf4+ 27. gxf4 $15) (25... c5 $17 26. d5 Kb8) 26. gxf4 $11 Qxf4 27. Nce4 $2 {[%mdl 8192] [#]} (27. Rhf1 $11) 27... h3+ {Precision: White = 39%, Black = 70%.} 0-1

[Event "Guimaraes Open 2018"]
[Site "Guimaraes"]
[Date "2018.10.05"]
[Round "2"]
[White "Martins, Jose Carlos Caetano"]
[Black "Costa, Paulo Jorge Lopes d"]
[Result "0-1"]
[WhiteElo "1679"]
[BlackElo "2191"]
[Annotator "TA"]
[PlyCount "46"]
[EventDate "2018.10.04"]
[EventType "swiss"]
[EventCountry "POR"]
[SourceTitle "playchess.com"]
[Source "ChessBase"]
[SourceQuality "1"]

{[%evp 14,46,-17,-121,-14,-23,-22,-143,-140,-150,-97,-93,-57,-140,-139,-146,-141,-152,-33,-184,-157,-150,-146,-143,-146,-175,-176,-214,-210,-323,-318,-616,-621,-934,-937]} 1. e4 c5 2. Nf3 e6 3. d4 cxd4 4. Nxd4 a6 5. Be2 Nf6 6. Nc3 Qc7 7. Be3 Bb4 8. Qd3 (8. O-O $11 {remains equal.}) 8... Bxc3+ {B43: Sicilian: Kan Variation: 5 Nc3} (8... Nxe4 $1 $17 9. O-O Nxc3 10. bxc3 Qxc3) 9. bxc3 Nxe4 10. Bd2 (10. O-O $11 {keeps the balance.} Nxc3 11. Bf3) (10. O-O Nc5 11. Qc4 d5 12. Nb5 axb5 13. Qxc5 Qxc5 14. Bxc5 Na6 15. Bd6 Kd7 16. Be5 {½-½ (31) Lanc,A (2365)-Zpevak,P (2396) Slovakia 2006}) 10... Nxd2 {Black is clearly better.} 11. Qxd2 Nc6 ({Black should try} 11... d6 12. O-O O-O) 12. O-O $17 d5 13. f4 (13. c4 $15) 13... Bd7 $146 ({Predecessor:} 13... O-O 14. Bd3 e5 15. Nxc6 bxc6 16. fxe5 Qxe5 {0-1 (30) Olsar,R-Kocur,V (2120) Hrabyne 2003}) 14. Kh1 Rc8 15. Bd3 Na5 ({Black should play} 15... O-O $17 {White must now prevent ...g6.} 16. f5 Nxd4 17. cxd4 exf5 18. Bxf5 Bxf5 19. Rxf5 Qxc2 20. Qxc2 Rxc2 21. Rxd5 Re8) 16. Ne2 $2 {[#]} (16. f5 $1 $15) 16... Nc4 $36 {[%mdl 2048] White is under strong pressure.} 17. Bxc4 Qxc4 18. f5 exf5 19. Rf4 Qc5 20. Re1 O-O 21. Rh4 (21. Rd4 {was worth a try.} Be6 22. Rb4) 21... Rfe8 $19 22. h3 $2 {[#]} (22. Rd4 Qe7 23. Kg1) 22... Qe3 23. Qxd5 Qf2 {Precision: White = 10%, Black = 41%.} 0-1